Butterflies & moths : A potrait of the animal world

Bibliographic Details
Main Author: Sterry, Paul
Format: Book
Published: New York, USA : TODTRY Book Publishers , 2005
Subjects:

MARC

LEADER 00000cam a2200000 7i4500
001 0000003570
005 20060630.0
020 0 0 |a 188090828x 
090 0 0 |a 595.78   |b STE 
100 1 0 |a Sterry, Paul 
245 1 0 |a Butterflies & moths :   |b A potrait of the animal world   |c by Paul Sterry. 
260 0 0 |a New York, USA :   |b TODTRY Book Publishers ,   |c 2005 
300 |a 79 p. :   |b ill., coll. ;   |c 33 cm. 
650 0 0 |a Butterflies. 
650 0 0 |a Moths. 
999 |a 0000006896   |b Monograph   |c Open Shelf   |e Default branch